000 00279nam a2200097Ia 4500
008 220204s9999 xx 000 0 und d
082 _a631.67(047)
_bREP
245 0 _aReport of the irrigation commission. 1972. 3 V
260 _aNew Delhi
_bMinistry of Irrigation
_c1972
942 _cBK
999 _c23836
_d23836